| 000 | 00663nam a22001815i 4500 | ||
|---|---|---|---|
| 001 | 152729 | ||
| 003 | ES-MaACL | ||
| 005 | 20250806060944.0 | ||
| 008 | 051018s1837 be | |||||||| ||fre d | ||
| 040 |
_aCAM _bspa _cCAM |
||
| 100 | 1 |
_aBrierre de Boismont, A. _931707 |
|
| 245 | 1 | 0 |
_aManuel de médecine légale _b: a l'usage des jurés, des avocats et des médecins / _cpar A. Brierre de Boismont. |
| 260 |
_aBruxelles : _bEtablissement Encyclographique, _c1837. |
||
| 300 |
_aXII, 211 p. ; _c17 cm. |
||
| 650 | 0 | 7 |
_aMedicina legal _2embne _914928 |
| 852 |
_aES-MaACL _jG-9502 _z-- Enc. hol. _z-- Ex-libris de Mateo Seoane |
||
| 999 |
_c152729 _d152729 |
||